000 00444nam a2200157 i 4500
001 68013
003 ES-MaACL
005 20230906170204.0
007 t|
008 040217s1971 sp ||||1| spa d
100 1 _aGandía García, Francisco.
_953839
245 1 3 _aEl camino de la participación /
_cFrancisco Gandía García.
260 _aValladolid :
_b[s.n.,
_c1971]
300 _a117 p. ;
_c21 cm.
852 _aES-MaACL
_jC-42224
_bR.79881
999 _c68013
_d68013